[Event "Jelah Akademija 002"]
[Site "Jelah"]
[Date "2022.05.04"]
[Round "1.2"]
[White "Organdziev, Oliver"]
[Black "Runic, Zoran"]
[Result "1/2-1/2"]
[WhiteElo "2282"]
[BlackElo "2253"]
[PlyCount "27"]
[EventDate "2022.05.04"]
[EventType "tourn"]
[EventRounds "10"]
[EventCountry "BIH"]
[SourceTitle "CBM 208 Extra"]
[Source "ChessBase"]
[SourceDate "2022.07.31"]
[SourceVersion "1"]
[SourceVersionDate "2022.07.31"]
[SourceQuality "1"]

1. Nf3 d6 2. g3 g6 3. Bg2 Bg7 4. 0-0 Nf6 5. c4 0-0 6. Nc3 Nc6 7. d3 e5 8. a3 h6 9. b4 Be6 10. Nd2 d5 11. cxd5 Nxd5 12. Nxd5 Bxd5 13. Bb2 Bxg2 14. Kxg2 1/2-1/2

[Event "EU-Cup 36th"]
[Site "Struga"]
[Date "2021.09.22"]
[Round "5.2"]
[White "Mihajlov, Sebastian"]
[Black "Organdziev, Oliver"]
[Result "0-1"]
[WhiteElo "2381"]
[BlackElo "2249"]
[PlyCount "100"]
[EventDate "2021.09.18"]
[EventType "team-swiss"]
[EventRounds "7"]
[EventCountry "MKD"]
[SourceTitle "CBM 204 Extra"]
[Source "ChessBase"]
[SourceDate "2021.11.30"]
[SourceVersion "1"]
[SourceVersionDate "2021.11.30"]
[SourceQuality "1"]
[WhiteTeam "Baerum"]
[BlackTeam "Gostivar"]
[WhiteTeamCountry "NOR"]
[BlackTeamCountry "MKD"]

1. e4 e5 2. Nf3 Nc6 3. d4 exd4 4. Nxd4 d5 5. Bb5 dxe4 6. 0-0 Bd7 7. Nc3 Nf6 8. Bxc6 bxc6 9. Qe2 Be7 10. Nxe4 0-0 11. Nxf6+ Bxf6 12. Be3 c5 13. Nb3 Bxb2 14. Rad1 Qc8 15. Nxc5 Bf5 16. f3 Be6 17. Bd4 Bxd4+ 18. Rxd4 Re8 19. Qd2 Qb8 20. Nxe6 Rxe6 21. Rd1 Qb6 22. Kh1 Rae8 23. h3 h6 24. Rd8 Qc5 25. Qd5 Qxc2 26. Rd2 Qc1+ 27. Kh2 Rxd8 28. Qxd8+ Kh7 29. Qd3+ g6 30. Qd7 Rf6 31. Qd8 Rd6 32. Qf8 Qc4 33. Rxd6 cxd6 34. a4 a5 35. Kg3 Qe6 36. Kf2 g5 37. g4 Qd7 38. Ke3 Qe6+ 39. Kf2 Qf6 40. Kg2 Qf4 41. Kf2 d5 42. Kg2 Qc7 43. Qe8 Kg7 44. Qb5 d4 45. Qd5 Qc2+ 46. Kg3 Qxa4 47. Qe5+ Kg8 48. Qb8+ Kh7 49. Qe5 Qb4 50. Qe4+ Kg8 0-1

[Event "FRM-chT 29th"]
[Site "Struga"]
[Date "2021.08.16"]
[Round "2"]
[White "Risteski, Emil"]
[Black "Organdziev, Oliver"]
[Result "1-0"]
[WhiteElo "2317"]
[BlackElo "2261"]
[PlyCount "93"]
[EventDate "2021.08.15"]
[EventType "team-tourn"]
[EventRounds "7"]
[EventCountry "MKD"]
[SourceTitle "CBM 203 Extra"]
[Source "ChessBase"]
[SourceDate "2021.09.30"]
[SourceVersion "1"]
[SourceVersionDate "2021.09.30"]
[SourceQuality "1"]
[WhiteTeam "Skopje Gambit Asseko"]
[BlackTeam "Shipkovica Anpasan"]
[WhiteTeamCountry "MKD"]
[BlackTeamCountry "MKD"]

1. e4 e5 2. Nf3 Nc6 3. Bc4 Nf6 4. d3 Be7 5. 0-0 0-0 6. a4 d6 7. h3 Be6 8. Bxe6 fxe6 9. Nc3 Qd7 10. Ne2 d5 11. Ng3 dxe4 12. dxe4 Qxd1 13. Rxd1 Rfd8 14. Be3 h6 15. c3 a5 16. Kf1 Kf7 17. Ke2 Ke8 18. Nd2 Rd7 19. Nc4 Rad8 20. Rdb1 Ra8 21. f3 b6 22. Nh1 Rad8 23. Nf2 Kf7 24. Ng4 Nxg4 25. hxg4 Rb8 26. Rh1 Bf6 27. Rh5 Rbd8 28. g3 Rd3 29. Rf1 Kg8 30. f4 exf4 31. gxf4 Bxc3 32. bxc3 Rxc3 33. Nd2 Rdd3 34. Rf3 e5 35. Nb1 Rb3 36. Nd2 Rbc3 37. f5 Rd6 38. g5 hxg5 39. Rxg5 Rf6 40. Rfg3 Rf7 41. Rg6 Kf8 42. f6 Rc1 43. Nf3 Rc2+ 44. Kd1 Rc4 45. Nd2 Rc3 46. fxg7+ Kg8 47. Rh3 1-0

[Event "Titled Tuesday intern op 16th Mar"]
[Site "Chess.com INT"]
[Date "2021.03.16"]
[Round "5"]
[White "Csonka, Balazs"]
[Black "Organdziev, Oliver"]
[Result "1-0"]
[WhiteElo "2498"]
[BlackElo "2276"]
[PlyCount "179"]
[EventDate "2021.03.16"]
[EventType "swiss (blitz)"]
[EventRounds "11"]
[EventCountry "USA"]
[SourceTitle "CBM 201 Extra"]
[Source "ChessBase"]
[SourceDate "2021.05.31"]
[SourceVersion "1"]
[SourceVersionDate "2021.05.31"]
[SourceQuality "1"]

1. e4 e6 2. d4 d5 3. Nd2 dxe4 4. Nxe4 Bd7 5. Nf3 Bc6 6. Bd3 Nd7 7. c3 Be7 8. 0-0 Ngf6 9. Nxf6+ Nxf6 10. Ne5 0-0 11. Nxc6 bxc6 12. Qe2 c5 13. dxc5 Bxc5 14. Rd1 Qe7 15. Bg5 Rad8 16. Bxf6 Qxf6 17. Bxh7+ Kxh7 18. Qh5+ Kg8 19. Qxc5 Qf4 20. Qxa7 Rd2 21. Rxd2 Qxd2 22. Qb7 Rd8 23. g3 c6 24. a4 Qe2 25. Qxc6 Qxb2 26. Rf1 Qa2 27. h4 g6 28. c4 Rd4 29. c5 Rxa4 30. Qd7 Rc4 31. Rd1 Qc2 32. Qe8+ Kg7 33. Rd8 Kf6 34. Rd7 Qc1+ 35. Kg2 Ke5 36. Qxf7 Qh6 37. Qe7 Rd4 38. Rxd4 Kxd4 39. Qd6+ Kc4 40. c6 Qh8 41. Qd7 Qa8 42. Qxe6+ Kc5 43. Qxg6 Kb6 44. h5 Qd8 45. h6 Qd5+ 46. Kh2 Qf3 47. Qc2 Qh5+ 48. Kg2 Qd5+ 49. f3 Kc7 50. h7 Qh5 51. g4 Qh6 52. Qf5 Qd2+ 53. Kg3 Qe1+ 54. Kf4 Qd2+ 55. Ke5 Qd6+ 56. Ke4 Qb4+ 57. Ke3 Qe1+ 58. Kf4 Qd2+ 59. Kg3 Qe1+ 60. Kg2 Qe2+ 61. Kh3 Qf1+ 62. Kh4 Qe1+ 63. Kg5 Qe7+ 64. Kg6 Qd8 65. Qf7+ Kb6 66. Qf6 Qe8+ 67. Kg7 Qe3 68. c7+ Kb7 69. c8Q+ Ka7 70. Qf7+ Kb6 71. Qcb7+ Ka5 72. Qfd5+ Ka4 73. Qbb3+ Qxb3 74. Qxb3+ Kxb3 75. f4 Kc4 76. f5 Kd5 77. f6 Ke6 78. f7 Ke5 79. g5 Kf4 80. g6 Kg4 81. f8Q Kg5 82. Kg8 Kh5 83. h8Q+ Kg5 84. g7 Kg6 85. Qf7+ Kg5 86. Kf8 Kg4 87. Ke7 Kg5 88. Kd6 Kg4 89. Kc5 Kg5 90. Kb4 1-0

[Event "Titled Tuesday intern op 16th Mar"]
[Site "Chess.com INT"]
[Date "2021.03.16"]
[Round "1"]
[White "Jumabayev, Rinat"]
[Black "Organdziev, Oliver"]
[Result "1-0"]
[WhiteElo "2637"]
[BlackElo "2276"]
[PlyCount "91"]
[EventDate "2021.03.16"]
[EventType "swiss (blitz)"]
[EventRounds "11"]
[EventCountry "USA"]
[SourceTitle "CBM 201 Extra"]
[Source "ChessBase"]
[SourceDate "2021.05.31"]
[SourceVersion "1"]
[SourceVersionDate "2021.05.31"]
[SourceQuality "1"]

1. d4 d5 2. c4 Bf5 3. cxd5 Bxb1 4. Qa4+ Qd7 5. Qxd7+ Nxd7 6. Rxb1 Ngf6 7. e3 Nxd5 8. Nf3 e6 9. a3 f5 10. Bc4 c6 11. Ke2 Bd6 12. h3 h6 13. g4 g5 14. Bd2 N7f6 15. Rbg1 0-0-0 16. Bd3 Ne4 17. Ba5 b6 18. Be1 Rdf8 19. h4 Ndf6 20. gxf5 exf5 21. hxg5 hxg5 22. Rxh8 Rxh8 23. Nxg5 Rg8 24. Nxe4 Rxg1 25. Nxd6+ Kc7 26. Nxf5 c5 27. dxc5 bxc5 28. Ng3 Kd6 29. Ne4+ Nxe4 30. Bxe4 c4 31. Bc3 Kc5 32. f4 a6 33. f5 Rg4 34. f6 Kd6 35. Kf3 Rg1 36. Kf2 Rg4 37. Bf3 Rh4 38. e4 Ke6 39. e5 Rh2+ 40. Ke3 Rh4 41. Bb7 Kd7 42. Bd5 Rh3+ 43. Kd4 Rh4+ 44. Kc5 Rh5 45. e6+ Kd8 46. Kd6 1-0

[Event "Titled Tuesday intern op 16th Mar"]
[Site "Chess.com INT"]
[Date "2021.03.16"]
[Round "7"]
[White "Perez Gormaz, Matias Ariel"]
[Black "Organdziev, Oliver"]
[Result "1-0"]
[WhiteElo "2413"]
[BlackElo "2276"]
[PlyCount "127"]
[EventDate "2021.03.16"]
[EventType "swiss (blitz)"]
[EventRounds "11"]
[EventCountry "USA"]
[SourceTitle "CBM 201 Extra"]
[Source "ChessBase"]
[SourceDate "2021.05.31"]
[SourceVersion "1"]
[SourceVersionDate "2021.05.31"]
[SourceQuality "1"]

1. e4 e6 2. d4 d5 3. Nc3 dxe4 4. Nxe4 Bd7 5. Nf3 Bc6 6. Neg5 Nh6 7. Bd3 Be7 8. Qe2 Bxf3 9. Qxf3 Nc6 10. Nh3 Qxd4 11. 0-0 Qg4 12. Qe3 Nf5 13. Qe1 Nh4 14. Qe4 Qxe4 15. Bxe4 0-0-0 16. Ng5 Rdf8 17. Re1 h6 18. Nh3 Bd6 19. Nf4 Nf5 20. Nh5 Rhg8 21. c3 a6 22. b4 Nce7 23. a4 Nd5 24. Bd2 b5 25. axb5 axb5 26. Ra5 c6 27. Rea1 Bc7 28. Ra6 Kd7 29. g3 Nd6 30. Bh7 Rh8 31. Bd3 Rfg8 32. Nf4 Re8 33. Nh5 Rhg8 34. Bh7 Rh8 35. Bc2 g6 36. Nf4 Rc8 37. Nd3 Ke7 38. Ne5 Bb8 39. Nxc6+ Kf6 40. Bb3 Nc4 41. Bc1 Nxc3 42. Bxc4 Rxc6 43. Rxc6 bxc4 44. Bb2 Be5 45. Re1 Rd8 46. Rxc4 Rd5 47. Bxc3 Bxc3 48. Rxc3 Rb5 49. Rb3 e5 50. Rc1 Ke6 51. Rc5 Rb7 52. b5 Kd6 53. Rc6+ Kd5 54. Rc1 f5 55. b6 Kd6 56. f3 h5 57. h4 f4 58. gxf4 exf4 59. Kf2 Rb8 60. b7 Kd7 61. Rb4 Kd8 62. Rc8+ Rxc8 63. bxc8Q+ Kxc8 64. Rxf4 1-0

[Event "Titled Tuesday intern op 16th Mar"]
[Site "Chess.com INT"]
[Date "2021.03.16"]
[Round "9"]
[White "Tomb, Maroun"]
[Black "Organdziev, Oliver"]
[Result "1-0"]
[WhiteElo "2084"]
[BlackElo "2276"]
[PlyCount "99"]
[EventDate "2021.03.16"]
[EventType "swiss (blitz)"]
[EventRounds "11"]
[EventCountry "USA"]
[SourceTitle "CBM 201 Extra"]
[Source "ChessBase"]
[SourceDate "2021.05.31"]
[SourceVersion "1"]
[SourceVersionDate "2021.05.31"]
[SourceQuality "1"]

1. e4 e6 2. d4 d5 3. Nd2 dxe4 4. Nxe4 Bd7 5. Nf3 Bc6 6. Bd3 Nd7 7. 0-0 Be7 8. Ned2 Ngf6 9. Nc4 0-0 10. Qe2 Bxf3 11. Qxf3 c6 12. Rd1 b5 13. Ne5 Nxe5 14. dxe5 Nd5 15. c4 bxc4 16. Bxc4 Qb8 17. Qe4 Rd8 18. Re1 a5 19. b3 a4 20. Bb2 Qb6 21. Rac1 Bc5 22. Qc2 Bd4 23. Bxd4 Qxd4 24. bxa4 Qg4 25. Re4 Qg6 26. Bd3 Qg5 27. Rce1 g6 28. g3 Ne7 29. h4 Qh6 30. Rf4 Nd5 31. Rc4 Nb6 32. Rxc6 Nxa4 33. Be4 Ra5 34. Bf3 Qd2 35. Re2 Qd4 36. Rc8 Ra8 37. Rxa8 Rxa8 38. Bxa8 Nc3 39. Re3 Nb5 40. Bf3 Qa1+ 41. Kg2 Nd4 42. Qd3 Nf5 43. Re4 Qxa2 44. Rf4 Kg7 45. h5 g5 46. Rxf5 exf5 47. Qxf5 h6 48. Qf6+ Kg8 49. Be4 Qd2 50. Bf5 1-0

[Event "Niksic IM 03"]
[Site "Niksic"]
[Date "2021.03.09"]
[Round "7"]
[White "Miletic, Vuk"]
[Black "Organdziev, Oliver"]
[Result "1/2-1/2"]
[WhiteElo "2157"]
[BlackElo "2276"]
[PlyCount "35"]
[EventDate "2021.03.05"]
[EventType "tourn"]
[EventRounds "9"]
[EventCountry "MNE"]
[SourceTitle "EXT 2022"]
[Source "ChessBase"]
[SourceDate "2021.10.06"]
[SourceVersion "1"]
[SourceVersionDate "2021.10.06"]
[SourceQuality "1"]

1. d4 d5 2. c4 Bf5 3. Qb3 e5 4. dxe5 d4 5. Nf3 Nc6 6. a3 Qd7 7. g3 0-0-0 8. Bg2 Na5 9. Qa2 d3 10. e3 Bh3 11. 0-0 h5 12. b4 Bxg2 13. Kxg2 Nc6 14. b5 Nce7 15. h4 Ng6 16. Nbd2 Nh6 17. Bb2 Qg4 18. Bd4 1/2-1/2

[Event "Niksic IM 03"]
[Site "Niksic"]
[Date "2021.03.07"]
[Round "5"]
[White "Organdziev, Oliver"]
[Black "Kisic, Bozidar"]
[Result "1-0"]
[WhiteElo "2276"]
[BlackElo "2233"]
[PlyCount "69"]
[EventDate "2021.03.05"]
[EventType "tourn"]
[EventRounds "9"]
[EventCountry "MNE"]
[SourceTitle "EXT 2022"]
[Source "ChessBase"]
[SourceDate "2021.10.06"]
[SourceVersion "1"]
[SourceVersionDate "2021.10.06"]
[SourceQuality "1"]

1. e4 g6 2. d4 Bg7 3. Nc3 d6 4. Be3 a6 5. Bc4 b5 6. Bb3 Bb7 7. Nf3 e6 8. a3 Ne7 9. Qd2 h6 10. 0-0 Nd7 11. Rad1 Nf6 12. d5 e5 13. h3 g5 14. Qe2 Ng6 15. Nh2 Bc8 16. Rfe1 Nf4 17. Bxf4 gxf4 18. a4 Bd7 19. axb5 axb5 20. Nxb5 f3 21. Nxf3 Nh5 22. Ra1 Rb8 23. Na7 Nf4 24. Qe3 Qf6 25. Ba4 Rxb2 26. Bxd7+ Kxd7 27. Qa3 Rb6 28. Qa4+ Kd8 29. Nc6+ Kc8 30. Re3 h5 31. Rb3 Rxb3 32. cxb3 Nxh3+ 33. Kf1 Ng5 34. Ne7+ Kd8 35. Nf5 1-0

[Event "Titled Tuesday intern op 02nd Mar"]
[Site "Chess.com INT"]
[Date "2021.03.02"]
[Round "4"]
[White "Amer, Karim"]
[Black "Organdziev, Oliver"]
[Result "0-1"]
[WhiteElo "2235"]
[BlackElo "2276"]
[PlyCount "52"]
[EventDate "2021.03.02"]
[EventType "swiss (blitz)"]
[EventRounds "11"]
[EventCountry "USA"]
[SourceTitle "CBM 201 Extra"]
[Source "ChessBase"]
[SourceDate "2021.05.31"]
[SourceVersion "1"]
[SourceVersionDate "2021.05.31"]
[SourceQuality "1"]

1. d4 d5 2. c4 Bf5 3. Nc3 e6 4. cxd5 exd5 5. Qb3 Nc6 6. e4 dxe4 7. Bc4 Nxd4 8. Qa4+ c6 9. Be3 b5 10. Nxb5 cxb5 11. Bxb5+ Nxb5 12. Qxb5+ Qd7 13. Qe5+ Be7 14. Rd1 Qe6 15. Qb5+ Kf8 16. Ne2 Rd8 17. Nd4 Rxd4 18. Rxd4 f6 19. Qb8+ Kf7 20. 0-0 Qe5 21. Qxa7 Nh6 22. Bxh6 gxh6 23. Rfd1 Rc8 24. g3 e3 25. fxe3 Qxe3+ 26. Kf1 Rc2 0-1

[Event "Titled Tuesday intern op 02nd Mar"]
[Site "Chess.com INT"]
[Date "2021.03.02"]
[Round "10"]
[White "Ioannidis, Evgenios"]
[Black "Organdziev, Oliver"]
[Result "1-0"]
[WhiteElo "2411"]
[BlackElo "2276"]
[PlyCount "95"]
[EventDate "2021.03.02"]
[EventType "swiss (blitz)"]
[EventRounds "11"]
[EventCountry "USA"]
[SourceTitle "CBM 201 Extra"]
[Source "ChessBase"]
[SourceDate "2021.05.31"]
[SourceVersion "1"]
[SourceVersionDate "2021.05.31"]
[SourceQuality "1"]

1. d4 d5 2. c4 Bf5 3. cxd5 Bxb1 4. Rxb1 Qxd5 5. e3 Nc6 6. Nf3 0-0-0 7. Qc2 e5 8. Bc4 Bb4+ 9. Kf1 Qd6 10. a3 Ba5 11. b4 Bb6 12. d5 Nce7 13. Bb2 f6 14. Ke2 Nh6 15. Rhd1 Kb8 16. Kf1 e4 17. Qxe4 Rhe8 18. Qe6 Nef5 19. Qxd6 Nxd6 20. Bb3 Nhf5 21. Nd4 Nxd4 22. Bxd4 Bxd4 23. Rxd4 Nb5 24. Rd3 Nxa3 25. Ra1 Nb5 26. Ba4 c6 27. Bxb5 cxb5 28. Rd4 f5 29. Rc1 Re5 30. Rcd1 Rd6 31. Ke2 b6 32. f3 a5 33. e4 fxe4 34. fxe4 a4 35. Ke3 g5 36. h4 h6 37. hxg5 hxg5 38. R4d2 Kb7 39. Kd4 Ree6 40. e5 Rd8 41. d6 Ree8 42. Kd5 a3 43. e6 Ra8 44. d7 Red8 45. Kd6 Rh8 46. Rc2 Rh6 47. Rc7+ Ka6 48. Ra1 1-0

[Event "SRB-chT 1st League"]
[Site "Kragujevac"]
[Date "2016.09.14"]
[Round "7.5"]
[White "Organdziev, Oliver"]
[Black "Arandjelovic, Aleksandar Z"]
[Result "1/2-1/2"]
[WhiteElo "2259"]
[BlackElo "2049"]
[PlyCount "70"]
[EventDate "2016.09.10"]
[EventType "team-tourn"]
[EventRounds "11"]
[EventCountry "SRB"]
[SourceTitle "CBM 174 Extra"]
[Source "ChessBase"]
[SourceDate "2016.10.10"]
[SourceVersion "1"]
[SourceVersionDate "2016.10.10"]
[SourceQuality "1"]
[WhiteTeam "Petrovac Sloga"]
[BlackTeam "Pirot Progres"]
[WhiteTeamCountry "SRB"]
[BlackTeamCountry "SRB"]

1. c4 e6 2. Nc3 Nf6 3. Nf3 d5 4. e3 Be7 5. Be2 0-0 6. 0-0 c5 7. d4 Nc6 8. b3 cxd4 9. exd4 Ne4 10. Bb2 f5 11. cxd5 Nxc3 12. Bxc3 exd5 13. Ne5 Nxe5 14. dxe5 Be6 15. Bd4 a6 16. a3 Qd7 17. f4 Rac8 18. b4 g5 19. Bd3 g4 20. Qb3 h5 21. Rac1 h4 22. Rfd1 Rxc1 23. Rxc1 Rc8 24. Rc2 Rxc2 25. Qxc2 a5 26. bxa5 Bxa3 27. Qb3 Be7 28. Bb6 Qc6 29. Qc2 Qxc2 30. Bxc2 Bd7 31. Bb3 Bc6 32. Bc2 Bd7 33. Bb3 Bc6 34. Bc2 Bd7 35. Bb3 Bc6 1/2-1/2

[Event "SRB-chT 1st League"]
[Site "Kragujevac"]
[Date "2016.09.11"]
[Round "3.6"]
[White "Organdziev, Oliver"]
[Black "Mitic, Jovan Dj"]
[Result "1-0"]
[WhiteElo "2259"]
[BlackElo "2095"]
[PlyCount "83"]
[EventDate "2016.09.10"]
[EventType "team-tourn"]
[EventRounds "11"]
[EventCountry "SRB"]
[SourceTitle "CBM 174 Extra"]
[Source "ChessBase"]
[SourceDate "2016.10.10"]
[SourceVersion "1"]
[SourceVersionDate "2016.10.10"]
[SourceQuality "1"]
[WhiteTeam "Petrovac Sloga"]
[BlackTeam "Leskovac Glubocica"]
[WhiteTeamCountry "SRB"]
[BlackTeamCountry "SRB"]

1. e4 c5 2. Nf3 Nc6 3. Bb5 g6 4. 0-0 Bg7 5. Bxc6 dxc6 6. d3 Nf6 7. Nc3 0-0 8. h3 Qc7 9. Be3 b6 10. Qd2 Ba6 11. Bf4 Qc8 12. Bh6 Rd8 13. Bxg7 Kxg7 14. Qe3 Qc7 15. b3 Nh5 16. Ne2 e5 17. a4 Qe7 18. Nh2 Bc8 19. f4 exf4 20. Nxf4 Nxf4 21. Rxf4 Be6 22. Raf1 h6 23. Rf6 Rd7 24. Qf4 Qd6 25. Qxd6 Rxd6 26. Ng4 Rf8 27. Ne5 g5 28. g4 b5 29. a5 a6 30. Kg2 c4 31. bxc4 bxc4 32. Nxc4 Rd4 33. Ne5 c5 34. c4 Rdd8 35. R6f3 Rb8 36. Nc6 Rb2+ 37. R1f2 Rb3 38. d4 Rxf3 39. Kxf3 cxd4 40. Rc2 Rc8 41. Nxd4 Bxc4 42. Nf5+ 1-0

[Event "SRB-chT 1st League"]
[Site "Kragujevac"]
[Date "2016.09.10"]
[Round "1.5"]
[White "Organdziev, Oliver"]
[Black "Vuckovic, Branko"]
[Result "1/2-1/2"]
[WhiteElo "2259"]
[BlackElo "2263"]
[PlyCount "90"]
[EventDate "2016.09.10"]
[EventType "team-tourn"]
[EventRounds "11"]
[EventCountry "SRB"]
[SourceTitle "CBM 174 Extra"]
[Source "ChessBase"]
[SourceDate "2016.10.10"]
[SourceVersion "1"]
[SourceVersionDate "2016.10.10"]
[SourceQuality "1"]
[WhiteTeam "Petrovac Sloga"]
[BlackTeam "Ub"]
[WhiteTeamCountry "SRB"]
[BlackTeamCountry "SRB"]

1. e4 Nf6 2. Nc3 e5 3. g3 Bc5 4. Bg2 a6 5. Nf3 Nc6 6. 0-0 d6 7. d3 h6 8. Be3 Ba7 9. Bxa7 Rxa7 10. h3 0-0 11. d4 Ra8 12. Re1 Rb8 13. a4 Re8 14. Qd2 Bd7 15. Rad1 exd4 16. Nxd4 Qc8 17. Kh2 Nxd4 18. Qxd4 Bc6 19. b4 b6 20. b5 axb5 21. axb5 Bb7 22. f4 Qe6 23. e5 Bxg2 24. Kxg2 dxe5 25. Rxe5 Qc8 26. Qc4 Rxe5 27. fxe5 Nh7 28. Nd5 Qe6 29. Qxc7 Re8 30. Nf4 Qf5 31. Rd8 Qe4+ 32. Kf2 Rxd8 33. Qxd8+ Nf8 34. Qxb6 Qxc2+ 35. Kf3 g5 36. Ne2 Qf5+ 37. Kg2 Qxe5 38. Nd4 Qd5+ 39. Kg1 Nd7 40. Qd8+ Kg7 41. Nc6 Qd1+ 42. Kf2 Qd2+ 43. Kf1 Qd3+ 44. Kf2 Qf5+ 45. Kg2 Nf6 1/2-1/2

[Event "Nis op"]
[Site "Nis"]
[Date "2016.07.04"]
[Round "7"]
[White "Dogan, Mire Deniz"]
[Black "Organdziev, Oliver"]
[Result "1/2-1/2"]
[WhiteElo "1975"]
[BlackElo "2309"]
[PlyCount "21"]
[EventDate "2016.06.28"]
[EventType "swiss"]
[EventRounds "9"]
[EventCountry "YUG"]
[SourceTitle "CBM 173 Extra"]
[Source "ChessBase"]
[SourceDate "2016.08.29"]
[SourceVersion "1"]
[SourceVersionDate "2016.08.29"]
[SourceQuality "1"]

1. d4 d5 2. c4 Bf5 3. Nf3 e6 4. a3 c6 5. Nc3 Nd7 6. Bf4 Ngf6 7. h3 h6 8. e3 Be7 9. cxd5 exd5 10. Bd3 Bxd3 11. Qxd3 1/2-1/2

[Event "SRB-chT 1st League"]
[Site "Kragujevac"]
[Date "2015.09.13"]
[Round "11.3"]
[White "Vilimonovic, Bozidar"]
[Black "Organdziev, Oliver"]
[Result "0-1"]
[WhiteElo "2202"]
[BlackElo "2307"]
[PlyCount "112"]
[EventDate "2015.09.05"]
[EventType "team-tourn"]
[EventRounds "11"]
[EventCountry "SRB"]
[SourceTitle "EXT 2016"]
[Source "ChessBase"]
[SourceDate "2015.10.08"]
[SourceVersion "1"]
[SourceVersionDate "2015.10.08"]
[SourceQuality "1"]
[WhiteTeam "Ub"]
[BlackTeam "Petrovac Sloga"]
[WhiteTeamCountry "SRB"]
[BlackTeamCountry "SRB"]

1. d4 d5 2. c4 Bf5 3. cxd5 Bxb1 4. Qa4+ Qd7 5. Qxd7+ Nxd7 6. Rxb1 Ngf6 7. Nf3 h6 8. e3 Nxd5 9. a3 e6 10. Bb5 c6 11. Bd3 f5 12. Bd2 g5 13. 0-0 Be7 14. Rfc1 g4 15. Ne1 N7f6 16. Nc2 Ne4 17. Be1 Rg8 18. Na1 Ng5 19. Kf1 Bd6 20. Nb3 h5 21. Nc5 Rg7 22. Ke2 a5 23. h4 gxh3 24. gxh3 Bxc5 25. dxc5 Nxh3 26. Rc4 Ng1+ 27. Kf1 Nf3 28. Ke2 Ne5 29. Rh4 Rh7 30. Bc2 Ng6 31. Rh2 Nf6 32. f3 Kf7 33. Bd2 h4 34. Rc1 Rh5 35. Bb1 e5 36. Rc4 Nd5 37. Ra4 Kf6 38. Rxa5 Rxa5 39. Bxa5 Rh8 40. Bd2 Nf8 41. Be1 h3 42. Bd2 Ne6 43. b4 f4 44. e4 Ndc7 45. Bd3 Nd4+ 46. Kf2 Nce6 47. Bc3 Ng5 48. Bxd4 exd4 49. a4 Ke5 50. Rh1 Kf6 51. Rd1 h2 52. Rh1 Rh3 53. Be2 d3 54. Bxd3 Rxf3+ 55. Ke2 Re3+ 56. Kd2 Nf3+ 0-1